000 00897nam a2200229Ia 4500
001 17955
003 GE_BSU
008 181216s||||||||xx |||||||||||||| ||und||
040 _cGE_BSU
080 _a811.361
100 _aტოვარი, ანტონიო
245 _aბასკური ენა
245 _cავტორიზებული ინგლ. თარგმნიდან თარგმნა ნ. სტურუამ ; არნ. ჩიქობავას წინასიტყვ. და რედ.
260 _aთბილისი
260 _bმეცნიერება
260 _c1980.
300 _a102გვ. ; 20სმ.
300 _eბიბლიოგრაფია: გვ.91-94. - პირთა საძიებელი: გვ.95-99.
541 _h5ლ.
653 _aბასკური ენა
942 _cBK
999 _c50998
_d50998